000 00578nam a22001937a 4500
005 20241217152247.0
008 241217b ||||| |||| 00| 0 eng d
040 _cAL
041 _aEnglish
082 _223
_a348.04
_bEASS
100 _aEastern Book Company
_9191445
245 _aSupreme Court Cases 1993: Vol 4
260 _aLucknow
_bEastern Book Company
_c2016
300 _axx,815 p.
_bHB
_c24x16 cm.
365 _a1061
_b₹959.52
_c
_d₹1279.36
_e25%
_f28-11-2024
440 _aVolume 4
_9191446
650 _aMode of Citation (1993) 4 SCC
_9191447
942 _2ddc
_cBI
999 _c233037
_d233037